[Event "Alberta op"]
[Site "Calgary"]
[Date "2002.10.15"]
[Round "4"]
[White "Kaminski, Thomas"]
[Black "Zheng, Fisher"]
[Result "1/2-1/2"]
[WhiteElo "1396"]
[BlackElo "1501"]
[PlyCount "43"]
[EventDate "2002.10.15"]
[EventType "swiss"]
[EventRounds "6"]
[EventCountry "CAN"]
[SourceTitle "EXT 2007"]
[Source "ChessBase"]
[SourceDate "2006.11.23"]
[SourceVersion "1"]
[SourceVersionDate "2006.11.23"]
[SourceQuality "1"]

1. e4 c5 2. Nf3 d6 3. d4 cxd4 4. Nxd4 Nf6 5. Nc3 e5 6. Nb3 Be6 7. Bb5+ Nc6 8. Bg5 a6 9. Be2 Be7 10. 0-0 0-0 11. Qd2 h6 12. Bxf6 Bxf6 13. Rfd1 Be7 14. Nd5 Bxd5 15. exd5 Bg5 16. Qd3 Ne7 17. Qe4 Ng6 18. Qb4 Qc7 19. c3 Rfe8 20. Qe4 Nf4 21. Bd3 Ng6 22. g3 1/2-1/2